000 00777nam a22001577a 4500
003 OSt
005 20150922164445.0
008 150922b xxu||||| |||| 00| 0 eng d
040 _cRUA
082 _aAGR CHE 2007 B035 Or.1
100 _91143
_aCHEA SORN
245 _aEffect of different fertilizer rate on sen pidao rice at chher teal village prek anchanh comune mokampol district kandal province,(ឥទ្ធិពលកំរិតជីផ្សេងៗគ្នាទៅលើពូជស្រូវសែនពិដោរនៅភូមិឈើទាល ឃុំព្រែកអញ្ចាញ ស្រុកមុខកំពូល ខេត្តកណ្ដាល)
260 _aphnom penh
_bRUA
_c2007
300 _axiv,56p.
_cill.
_g29cm.
942 _2ddc
_cAGR
999 _c1094
_d1094